<?xml version="1.0" encoding="UTF-8"?>
<collection xmlns="http://www.loc.gov/MARC21/slim">
  <record>
    <leader>00000nam  2200000   4500</leader>
    <controlfield tag="001">INLIS000000000003105</controlfield>
    <controlfield tag="005">20190624022859</controlfield>
    <datafield tag="035" ind1="#" ind2="#">
      <subfield code="a">0010-0718003105</subfield>
    </datafield>
    <controlfield tag="008">190624################g##########0#ind##</controlfield>
    <datafield tag="020" ind1="#" ind2="#">
      <subfield code="a">9798046587</subfield>
    </datafield>
    <datafield tag="041" ind1=" " ind2=" ">
      <subfield code="a">id</subfield>
    </datafield>
    <datafield tag="082" ind1="#" ind2="#">
      <subfield code="a">153.83</subfield>
    </datafield>
    <datafield tag="090" ind1=" " ind2=" ">
      <subfield code="a">153.83 Kay m</subfield>
    </datafield>
    <datafield tag="100" ind1=" " ind2="#">
      <subfield code="a">Kaye, Harvey</subfield>
    </datafield>
    <datafield tag="245" ind1="1" ind2="#">
      <subfield code="a">Mengambil Keputusan Penuh Percaya Diri /</subfield>
      <subfield code="c">Harvey Kaye</subfield>
    </datafield>
    <datafield tag="250" ind1="#" ind2="#">
      <subfield code="a">Cet.3</subfield>
    </datafield>
    <datafield tag="260" ind1="#" ind2="#">
      <subfield code="a">Jakarta :</subfield>
      <subfield code="b">Mitra Utama,</subfield>
      <subfield code="c">2001</subfield>
    </datafield>
    <datafield tag="300" ind1="#" ind2="#">
      <subfield code="a">xxxi, 354hlm. :</subfield>
      <subfield code="b">ilus ;</subfield>
      <subfield code="c">20 cm</subfield>
    </datafield>
    <datafield tag="650" ind1=" " ind2="#">
      <subfield code="a">Psikologi-pengambilan keputusan</subfield>
    </datafield>
    <datafield tag="856" ind1="#" ind2="#">
      <subfield code="a">Perpustakaan Lembaga Administrasi Negara</subfield>
    </datafield>
    <datafield tag="084" ind1="#" ind2="#">
      <subfield code="a">153.83 Kay m</subfield>
    </datafield>
    <datafield tag="520" ind1="#" ind2="#">
      <subfield code="a">Buku ini menawarkan beberapa strategi membangun rasa percaya diri agar anda bisa mengambil keputusan yang serumit apa pun dengan sebijaksana mungkin, dan anda tidak tersesat oleh rasa takut atau fantasi.Di dalam buku ini diperkenalkan beberapa konsep inovatif yang bisa membantu anda: - Mengidentifikasi kesenangan atau kecenderungan serta gaya pengambilan keputusan anda, sehingga pikiran anda jernih dan anda terbebas dari pertentangan nilai. - Menerima risiko dan keterbatasan dan memampukan anda untuk mengetahui kapan saatnya menerapkan suatu pendekatan tertentu serta berani meninggalkan sasaran yang tak menjanjikan hasil. -Menggali peluang-peluang yang akan muncul serta menggunakan tiga strategi efektif dalam memanfaatkan peluang tersebut.Disamping itu, anda akan belajar bagaimana memilah-milah keputusan besar dan menggabungkan kebijaksanaan yang dilandasi oleh pikiran rasional dengan daya emosi; sehingga anda terhindar dari kecenderungan untuk berfikir muluk-muluk atau bertindak secara impulsif pada pilihan pertama yang tersedia. Sehingga anda terhindar dari "kelumpuhan keputusan" yang disebabkan oleh kecemasan dan ketakutan terhadap peprubahan. Sehingga ketika mengambil keputusan, anda bisa menjaga agar tidak perpengaruh oleh orang lain. pada akhirnya anda mengatakan "ya" hanya kepada keputusan yang benar-benar menjawab kebutuhan serta membawa keberhasilan dan kepuasan hidup.</subfield>
    </datafield>
    <datafield tag="990" ind1="#" ind2="#">
      <subfield code="a">06049950</subfield>
    </datafield>
    <datafield tag="990" ind1="#" ind2="#">
      <subfield code="a">06049950</subfield>
    </datafield>
  </record>
</collection>
